| 000 | 00643nam a2200169 4500 | ||
|---|---|---|---|
| 999 |
_c14478 _d14478 |
||
| 008 | 190927b ||||| |||| 00| 0 eng d | ||
| 022 | _a00223514 | ||
| 082 | _aDPer 302.05 J82 July-Sept 2016 v. 111, n. 1-3. | ||
| 100 |
_939985 _aDiehl, Kristin. |
||
| 245 |
_aHow taking photos increases enjoyment of experiences/ _cKristin Diehl, Gal Zauberman and Alixandra Barasch. |
||
| 260 |
_aWashington DC: _bAmerican Psychological Association, _c©2016. |
||
| 300 |
_av111 n2, pages 119-140: _billustrations; _c27 cm. |
||
| 650 |
_aPhotography. _940876 |
||
| 700 |
_939987 _aZauberman, Gal. |
||
| 700 |
_aBarasch, Alixandra _940877 |
||
| 942 |
_2ddc _cPER |
||